000 00342nam a2200145Ia 4500
008 230718s9999 xx 000 0 und d
041 _aEng.
082 _a891.43
_bAFT-S
100 _aAftab Ahmad Major
245 0 _aSatwi Bary sy Yharwi
260 _aPakistan
_bJamhori Publications
_c2011
300 _a312
650 _aLaw
999 _c31557
_d31557